000 00623nam a22002177a 4500
003 OSt
005 20240617121258.0
008 240617b |||||||| |||| 00| 0 eng d
020 _a9780521290555
020 _a9780521076319
040 _aDDC
_cMUST
082 _222
_a519.5 MOO 1969
100 _aMoore P. G
_917350
245 _aPrinciples of Statistical Techniques
_cP.G. Moore
250 _a2nd
260 _aUnited States of America
_bCambridge University Press
_cc1969
300 _aviii,288p.;
_bill:
_c21.5cm
504 _aincludes bibliographies and indexes
650 _aStatistics
_91274
942 _2ddc
_cO_SHELF
999 _c8545
_d8545